Normal view
MARC view
Entry Topical Term
001 - CONTROL NUMBER
- control field: 50611
003 - CONTROL NUMBER IDENTIFIER
- control field: OSt
005 - DATE AND TIME OF LATEST TRANSACTION
- control field: 20250211112737.0
008 - FIXED-LENGTH DATA ELEMENTS
- fixed length control field: 250211|| aca||aabn | a|a d
040 ## - CATALOGING SOURCE
- Original cataloging agency: OSt
- Transcribing agency: OSt
150 ## - HEADING--TOPICAL TERM
- Topical term or geographic name entry element: Democratic backsliding, Generational change, Poland, Popu8lsi, support for democracy.
670 ## - SOURCE DATA FOUND
- Source citation: Work cat.: (OSt): Sadowski, Ireneusz 50610, Democratic backsliding against a rising wave of support for democracy? Explaining trends in attitudes toward democracy in Poland (1995–2021)
